[Event "Niederbayrische Einzelmeisterschaft"]
[Site "Niederbayern"]
[Date "2010.06.06"]
[Round "7.2"]
[White "Holzer, Richard"]
[Black "Schindlbeck, Tobias"]
[Result "1/2-1/2"]
[WhiteElo "2157"]
[BlackElo "1939"]
[PlyCount "77"]
[EventDate "2010.06.??"]
[EventType "swiss"]
[EventRounds "7"]
[EventCountry "GER"]
[SourceDate "2015.11.02"]
[SourceVersionDate "2015.11.02"]
[WhiteTeam "SK Passau 1869"]
[BlackTeam "FC Ergolding 1932"]

1. e4 e6 2. d4 d5 3. Nc3 Bb4 4. Nge2 dxe4 5. a3 Be7 6. Nxe4 Nf6 7. N2g3 O-O 8.
Be2 Nc6 9. c3 e5 10. Nxf6+ Bxf6 11. d5 Ne7 12. Bf3 Nf5 13. O-O Nxg3 14. hxg3
Bf5 15. Qe2 e4 16. Bxe4 Re8 17. f3 Bxe4 18. fxe4 Qxd5 19. exd5 Rxe2 20. Bf4 c6
21. dxc6 bxc6 22. Rf2 Rae8 23. Kf1 R2e6 24. Rd1 g5 25. Bc7 h5 26. Rfd2 Kg7 27.
Bd6 a5 28. Bc5 a4 29. Bd4 Rb8 30. Rf2 Kg6 31. Bxf6 Rxf6 32. Rxf6+ Kxf6 33. Rd6+
Kf5 34. Rxc6 Rxb2 35. Rc4 Rb3 36. Rxa4 Rxc3 37. Kf2 Rc2+ 38. Kg1 Rc1+ 39. Kf2
1/2-1/2

[Event "Niederbayrische Einzelmeisterschaft"]
[Site "Niederbayern"]
[Date "2010.06.06"]
[Round "7.3"]
[White "Palmi, Herbert"]
[Black "Mueller, Michael"]
[Result "1/2-1/2"]
[WhiteElo "2008"]
[BlackElo "2009"]
[PlyCount "27"]
[EventDate "2010.06.??"]
[EventType "swiss"]
[EventRounds "7"]
[EventCountry "GER"]
[SourceDate "2015.11.02"]
[SourceVersionDate "2015.11.02"]
[WhiteTeam "SC Bayerwald/Regen"]
[BlackTeam "SC Bayerwald/Regen"]

1. e4 d6 2. d4 g6 3. Bc4 c6 4. Nc3 Bg7 5. a4 Nf6 6. Ba2 O-O 7. Nge2 Nbd7 8. O-O
a5 9. f3 Qc7 10. Be3 h6 11. Nf4 Kh7 12. Nd3 e5 13. d5 Nb8 14. Qe1 1/2-1/2

[Event "Niederbayrische Einzelmeisterschaft"]
[Site "Niederbayern"]
[Date "2010.06.06"]
[Round "7.4"]
[White "Kleibel, Uwe"]
[Black "Zepke, Armin"]
[Result "1-0"]
[WhiteElo "1880"]
[BlackElo "1989"]
[PlyCount "53"]
[EventDate "2010.06.??"]
[EventType "swiss"]
[EventRounds "7"]
[EventCountry "GER"]
[SourceDate "2015.11.02"]
[SourceVersionDate "2015.11.02"]
[WhiteTeam "SC Ortenburg 1894"]
[BlackTeam "SC Bayerwald/Regen"]

1. d4 d5 2. c4 e6 3. Nc3 Nf6 4. cxd5 exd5 5. Bg5 c6 6. e3 Be7 7. Qc2 Nbd7 8.
Bd3 O-O 9. Nge2 Re8 10. O-O Nf8 11. f3 h6 12. Bh4 Ne6 13. Rad1 Kh8 14. Kh1 c5
15. dxc5 Nxc5 16. Bxf6 Bxf6 17. Bb5 Re5 18. f4 Bf5 19. Qc1 Be4 20. fxe5 Bxe5
21. Nxe4 Nxe4 22. g3 Qd6 23. Qc2 Qe6 24. Nf4 Qf5 25. Bd3 Rc8 26. Bxe4 dxe4 27.
Ng6+ 1-0

[Event "Niederbayrische Einzelmeisterschaft"]
[Site "Niederbayern"]
[Date "2010.06.06"]
[Round "7.5"]
[White "Siebert, Joachim"]
[Black "Thanner, Daniel"]
[Result "1/2-1/2"]
[WhiteElo "1926"]
[BlackElo "1722"]
[PlyCount "79"]
[EventDate "2010.06.??"]
[EventType "swiss"]
[EventRounds "7"]
[EventCountry "GER"]
[SourceDate "2015.11.02"]
[SourceVersionDate "2015.11.02"]
[WhiteTeam "SK Landshut"]
[BlackTeam "SC Ortenburg 1894"]

1. d4 d5 2. Nf3 Nf6 3. c4 c6 4. e3 Nbd7 5. Nc3 e6 6. Qc2 Bd6 7. g4 dxc4 8. Bxc4
Nb6 9. Bd3 Qe7 10. Bd2 Nfd5 11. a3 Bd7 12. Ne4 Rc8 13. Nxd6+ Qxd6 14. b4 Ne7
15. Qc5 Qxc5 16. dxc5 Na8 17. Ng5 Nc7 18. Ne4 Kf8 19. Nd6 Rb8 20. Bc3 Ne8 21.
Bd4 Ng6 22. Nc4 f6 23. f4 Rd8 24. h4 e5 25. fxe5 fxe5 26. O-O+ Ke7 27. Bxe5
Nxe5 28. Nxe5 Bxg4 29. Bc4 Be6 30. Bxe6 Kxe6 31. Nf7 Nf6 32. Nxh8 Rxh8 33. Rad1
Ke5 34. Rd6 Rc8 35. Kg2 Rc7 36. Kh3 Re7 37. Rd8 Rc7 38. Rd6 Re7 39. Rd8 Rc7 40.
Rd6 1/2-1/2

[Event "Niederbayrische Einzelmeisterschaft"]
[Site "Niederbayern"]
[Date "2010.06.06"]
[Round "7.6"]
[White "Zankl, Thomas"]
[Black "Stroeher, Wolfgang"]
[Result "1/2-1/2"]
[WhiteElo "1972"]
[BlackElo "2003"]
[PlyCount "40"]
[EventDate "2010.06.??"]
[EventType "swiss"]
[EventRounds "7"]
[EventCountry "GER"]
[SourceDate "2015.11.02"]
[SourceVersionDate "2015.11.02"]
[WhiteTeam "SC Rottal"]
[BlackTeam "SC Straubing"]

1. d4 d5 2. Nf3 e6 3. e3 c5 4. c3 Nc6 5. Bd3 Nf6 6. Nbd2 Bd6 7. b3 Qc7 8. Bb2
Bd7 9. Rc1 cxd4 10. cxd4 Qa5 11. O-O O-O 12. a3 Rac8 13. b4 Qb6 14. Ne5 Ne7 15.
Nxd7 Nxd7 16. Qa4 Nf6 17. Qb5 Qxb5 18. Bxb5 a6 19. Bd3 Rxc1 20. Rxc1 Rc8
1/2-1/2

[Event "Niederbayrische Einzelmeisterschaft"]
[Site "Niederbayern"]
[Date "2010.06.06"]
[Round "7.7"]
[White "Schubert, Josef"]
[Black "Grum, Theodor"]
[Result "1-0"]
[WhiteElo "1922"]
[BlackElo "1773"]
[PlyCount "91"]
[EventDate "2010.06.??"]
[EventType "swiss"]
[EventRounds "7"]
[EventCountry "GER"]
[SourceDate "2015.11.02"]
[SourceVersionDate "2015.11.02"]
[WhiteTeam "SK Landshut"]
[BlackTeam "SC Grafenau"]

1. b4 d5 2. Bb2 Nf6 3. Nf3 Bf5 4. e3 e6 5. a3 Nbd7 6. d4 Bd6 7. Nbd2 a5 8. b5
O-O 9. c4 c5 10. Be2 Re8 11. O-O cxd4 12. Nxd4 Bg6 13. N2f3 dxc4 14. Bxc4 Ne5
15. Be2 Qb6 16. a4 Red8 17. Qb3 Be4 18. Nxe5 Bxe5 19. Rac1 Rac8 20. h3 Bd5 21.
Qa3 Ne4 22. Rfd1 Rc7 23. Qa1 Rdc8 24. Nc6 Bxb2 25. Ne7+ Kf8 26. Nxc8 Bxa1 27.
Nxb6 Be5 28. Rxc7 Bxc7 29. Nxd5 exd5 30. Kf1 Nc3 31. Rd3 Be5 32. Bf3 Nxa4 33.
Rxd5 f6 34. b6 Nxb6 35. Rxa5 Nc4 36. Ra8+ Ke7 37. Bxb7 Nd6 38. Bd5 Ne8 39. Be4
g6 40. f4 Bd6 41. Kf2 f5 42. Bc6 Nf6 43. Kf3 Kf7 44. e4 fxe4+ 45. Bxe4 h6 46.
Ra7+ 1-0

[Event "Niederbayrische Einzelmeisterschaft"]
[Site "Niederbayern"]
[Date "2010.06.06"]
[Round "7.8"]
[White "Schultes, Christoph"]
[Black "Woitylak, Steffen"]
[Result "0-1"]
[WhiteElo "1707"]
[BlackElo "1850"]
[PlyCount "82"]
[EventDate "2010.06.??"]
[EventType "swiss"]
[EventRounds "7"]
[EventCountry "GER"]
[SourceDate "2015.11.02"]
[SourceVersionDate "2015.11.02"]
[WhiteTeam "SK Landau-Dingolfing"]
[BlackTeam "FC Ergolding 1932"]

1. d4 Nf6 2. c4 c6 3. Nf3 g6 4. g3 Bg7 5. Bg2 O-O 6. O-O d6 7. Nc3 Bf5 8. Nh4
Bg4 9. h3 Be6 10. d5 cxd5 11. cxd5 Bc8 12. Qb3 Nbd7 13. Be3 b6 14. Nf3 Nc5 15.
Qd1 e5 16. dxe6 fxe6 17. Qc1 Bb7 18. Bh6 Qe7 19. Bxg7 Kxg7 20. b4 Nce4 21. Nxe4
Bxe4 22. Qb2 Rac8 23. Rac1 h6 24. Nh4 Bxg2 25. Nxg2 Kh7 26. Nh4 e5 27. Qb1 e4
28. Rc2 Qe6 29. Rxc8 Rxc8 30. Kh2 Qc4 31. Qb2 Qc3 32. Rb1 d5 33. Ng2 d4 34. a3
d3 35. exd3 exd3 36. Qa2 Kg7 37. Ne3 d2 38. Qe6 Rc7 39. Nd5 Qf3 40. Nxf6 Qxf2+
41. Kh1 Rc1+ 0-1

[Event "Niederbayrische Einzelmeisterschaft"]
[Site "Niederbayern"]
[Date "2010.06.06"]
[Round "7.9"]
[White "Oberpriller, Johannes"]
[Black "Staller, Josef"]
[Result "1-0"]
[WhiteElo "1800"]
[BlackElo "1676"]
[PlyCount "67"]
[EventDate "2010.06.??"]
[EventType "swiss"]
[EventRounds "7"]
[EventCountry "GER"]
[SourceDate "2015.11.02"]
[SourceVersionDate "2015.11.02"]
[WhiteTeam "FC Ergolding 1932"]
[BlackTeam "SC Rottal"]

1. d4 d5 2. c4 Nf6 3. cxd5 Qxd5 4. Nc3 Qd8 5. Nf3 e6 6. e4 Bb4 7. Bd3 Bxc3+ 8.
bxc3 O-O 9. O-O h6 10. a4 Re8 11. Ba3 b6 12. Re1 Nbd7 13. e5 Nh7 14. Be4 Rb8
15. Qd3 Ng5 16. Nxg5 Qxg5 17. Bc1 Qd8 18. Qg3 g5 19. h4 f6 20. exf6 Qxf6 21.
hxg5 hxg5 22. Bxg5 Qg7 23. Qh4 Bb7 24. Bh6 Qf6 25. Bh7+ Kh8 26. Bg5 Qg7 27.
Bf5+ Kg8 28. Bxe6+ Rxe6 29. Rxe6 Nf8 30. Re3 Rd8 31. Rg3 Ng6 32. Bxd8 Nxh4 33.
Rxg7+ Kxg7 34. Bxh4 1-0

[Event "Niederbayrische Einzelmeisterschaft"]
[Site "Niederbayern"]
[Date "2010.06.06"]
[Round "7.10"]
[White "Popp, Michael"]
[Black "Woestmann, Oliver"]
[Result "1-0"]
[WhiteElo "1989"]
[BlackElo "1386"]
[PlyCount "51"]
[EventDate "2010.06.??"]
[EventType "swiss"]
[EventRounds "7"]
[EventCountry "GER"]
[SourceDate "2015.11.02"]
[SourceVersionDate "2015.11.02"]
[WhiteTeam "TV 1862 Geiselhöring"]
[BlackTeam "SV Aham"]

1. c4 c5 2. Nc3 Nc6 3. g3 g6 4. Bg2 Bg7 5. Nf3 Nf6 6. O-O O-O 7. d4 cxd4 8.
Nxd4 Nxd4 9. Qxd4 e6 10. Qd3 Re8 11. Rd1 a6 12. e4 Ng4 13. Qe2 Ne5 14. f4 Nc6
15. e5 Qc7 16. Ne4 Rd8 17. Be3 b6 18. Rd2 Bb7 19. Qf2 Na5 20. Bxb6 Qxc4 21. Nd6
Qb4 22. Bxa5 Qxa5 23. Nxb7 Qc7 24. Nxd8 Rxd8 25. Rad1 Bf8 26. Kh1 1-0

[Event "Niederbayrische Einzelmeisterschaft"]
[Site "Niederbayern"]
[Date "2010.06.06"]
[Round "7.11"]
[White "Lenhard, Alexander"]
[Black "Gerl, Hans-Peter"]
[Result "0-1"]
[WhiteElo "1240"]
[BlackElo "1707"]
[PlyCount "120"]
[EventDate "2010.06.??"]
[EventType "swiss"]
[EventRounds "7"]
[EventCountry "GER"]
[SourceDate "2015.11.02"]
[SourceVersionDate "2015.11.02"]
[WhiteTeam "ESK Plattling"]
[BlackTeam "SC Straubing"]

1. e4 c5 2. Nf3 d6 3. d4 cxd4 4. Nxd4 Nf6 5. Nc3 a6 6. Bd3 e6 7. O-O Be7 8. f4
O-O 9. f5 Qb6 10. Kh1 Qxd4 11. fxe6 Bxe6 12. Nd5 Bxd5 13. exd5 Qh4 14. g3 Qh5
15. Qe1 Qxd5+ 16. Kg1 Nc6 17. Bf4 Bd8 18. Rd1 Bb6+ 19. Be3 Bxe3+ 20. Qxe3 Qc5
21. Qxc5 dxc5 22. Rfe1 Rfe8 23. Rf1 Rad8 24. a3 h6 25. g4 Nxg4 26. Rfe1 Nge5
27. Be4 Rxd1 28. Rxd1 Rd8 29. Re1 g6 30. Kf1 Kg7 31. h3 Rd4 32. c3 Rd2 33. b4
cxb4 34. axb4 f5 35. Bxc6 Nxc6 36. Rc1 Rh2 37. Kg1 Rxh3 38. Rd1 Rxc3 39. Rd7+
Kf6 40. Rxb7 Rc4 41. Rb6 Kg5 42. Rxa6 Nxb4 43. Ra4 Re4 44. Kg2 Nd3 45. Ra6 Nf4+
46. Kf3 h5 47. Kf2 Kg4 48. Rb6 Nh3+ 49. Kg2 g5 50. Rb3 f4 51. Ra3 f3+ 52. Kf1
Kf4 53. Rxf3+ Kg4 54. Rg3+ Kh4 55. Kg2 Re2+ 56. Kh1 Nf2+ 57. Kg2 Ne4+ 58. Kg1
Kxg3 59. Kf1 Nc3 60. Kg1 Re1# 0-1

[Event "Niederbayrische Einzelmeisterschaft"]
[Site "Niederbayern"]
[Date "2010.06.06"]
[Round "7.12"]
[White "Angermeier, Gerhard"]
[Black "Ertl, Helmut"]
[Result "1-0"]
[WhiteElo "1668"]
[BlackElo "1627"]
[PlyCount "107"]
[EventDate "2010.06.??"]
[EventType "swiss"]
[EventRounds "7"]
[EventCountry "GER"]
[SourceDate "2015.11.02"]
[SourceVersionDate "2015.11.02"]
[WhiteTeam "SC Rottal"]
[BlackTeam "SV Deggendorf"]

1. e4 c5 2. Nf3 Nc6 3. d4 cxd4 4. Nxd4 e5 5. Nf3 Nf6 6. Bg5 Be7 7. Nc3 d6 8. h3
Be6 9. Be2 Rc8 10. O-O a6 11. Nd2 d5 12. exd5 Nxd5 13. Nxd5 Bxg5 14. c4 Bxd5
15. cxd5 Qxd5 16. Nc4 Qxd1 17. Rfxd1 O-O 18. Bf3 Bf6 19. Nd6 Rc7 20. Rac1 e4
21. Nxe4 Bxb2 22. Rc2 Be5 23. Rcd2 h6 24. Rd5 g6 25. a3 Re7 26. Nc5 Bb8 27. Nd7
Rfe8 28. Nf6+ Kg7 29. Nxe8+ Rxe8 30. Rd7 Ne5 31. Rxb7 Nxf3+ 32. gxf3 Bf4 33.
Rdd7 Rf8 34. Ra7 h5 35. Rxa6 g5 36. a4 Be5 37. a5 Bc3 38. Raa7 Kg6 39. a6 f6
40. Rab7 Be5 41. a7 Kf5 42. Rd5 Ra8 43. Kg2 h4 44. Re7 Kf4 45. Rb7 Kf5 46. Kf1
Kf4 47. Ke2 Kf5 48. Ke3 Ke6 49. Ra5 Kf5 50. Ra4 Ke6 51. Kd3 Kd5 52. Ra6 Kc5 53.
Ke4 Kc4 54. Rc6# 1-0

[Event "Niederbayrische Einzelmeisterschaft"]
[Site "Niederbayern"]
[Date "2010.06.06"]
[Round "7.13"]
[White "Haimerl, Willibald"]
[Black "Oberberger, Hans"]
[Result "1/2-1/2"]
[WhiteElo "1640"]
[BlackElo "1636"]
[PlyCount "66"]
[EventDate "2010.06.??"]
[EventType "swiss"]
[EventRounds "7"]
[EventCountry "GER"]
[SourceDate "2015.11.02"]
[SourceVersionDate "2015.11.02"]
[WhiteTeam "SV Deggendorf"]
[BlackTeam "SV Deggendorf"]

1. e4 d6 2. d4 g6 3. Nc3 Bg7 4. f4 c6 5. Nf3 Nf6 6. Bd3 O-O 7. Be3 b5 8. a3
Nbd7 9. O-O Ng4 10. Bd2 e5 11. fxe5 dxe5 12. d5 Qb6+ 13. Kh1 Nc5 14. Qe2 Nxd3
15. cxd3 cxd5 16. Nxd5 Qd8 17. h3 Nf6 18. Nxf6+ Qxf6 19. Rac1 Qd8 20. Rc5 f6
21. Rxb5 Rf7 22. Rd5 Rd7 23. Rxd7 Bxd7 24. Bc3 Bb5 25. Rd1 Ba4 26. Rf1 Bb5 27.
Ne1 Qd7 28. Qe3 Rd8 29. Rf3 a6 30. Kg1 Rc8 31. Kh1 Rd8 32. Kh2 Qc7 33. Kh1 Qd7
1/2-1/2

[Event "Niederbayrische Einzelmeisterschaft"]
[Site "Niederbayern"]
[Date "2010.06.06"]
[Round "7.14"]
[White "Haider, Andreas"]
[Black "Lichtmannecker, Hans-Juergen"]
[Result "1-0"]
[WhiteElo "1563"]
[BlackElo "1666"]
[PlyCount "85"]
[EventDate "2010.06.??"]
[EventType "swiss"]
[EventRounds "7"]
[EventCountry "GER"]
[SourceDate "2015.11.02"]
[SourceVersionDate "2015.11.02"]
[WhiteTeam "SV Aham"]
[BlackTeam "SV Aham"]

1. e4 c5 2. Bc4 e6 3. Nc3 a6 4. a4 Nc6 5. Nf3 Qc7 6. d4 cxd4 7. Nxd4 Bc5 8. Nf3
Nf6 9. O-O O-O 10. Bg5 Ng4 11. h3 Nge5 12. Bd3 Nxf3+ 13. Qxf3 Nd4 14. Qg4 Kh8
15. Qh5 f6 16. Be3 Ba7 17. e5 f5 18. Bf4 Qd8 19. Bg5 Qe8 20. Qh4 Qg6 21. Kh1 h6
22. Be7 Re8 23. Ne2 Nxe2 24. Bxe2 Qh7 25. Bh5 g6 26. Bf6+ Kg8 27. Qg3 Kf7 28.
Be2 d5 29. f4 Bd7 30. h4 h5 31. Qa3 Kg8 32. Rad1 Bc6 33. Rd3 Rac8 34. Rg3 Bb8
35. Rg5 Kf7 36. Rf3 Ba7 37. Qd6 Bxa4 38. Rfg3 Bc5 39. Rxg6 Bxd6 40. Rg7+ Qxg7
41. Rxg7+ Kf8 42. Rh7 Bxe5 43. fxe5 1-0

[Event "Niederbayrische Einzelmeisterschaft"]
[Site "Niederbayern"]
[Date "2010.06.06"]
[Round "7.15"]
[White "Thurnbauer, Alois"]
[Black "Grigore-Nikolitsch, Corneliu"]
[Result "1-0"]
[WhiteElo "1534"]
[BlackElo "1633"]
[PlyCount "110"]
[EventDate "2010.06.??"]
[EventType "swiss"]
[EventRounds "7"]
[EventCountry "GER"]
[SourceDate "2015.11.02"]
[SourceVersionDate "2015.11.02"]
[WhiteTeam "SV Deggendorf"]
[BlackTeam "SC Rottal"]

1. d4 Nf6 2. c4 c6 3. Nf3 h6 4. Nc3 e6 5. e3 d5 6. Bd3 Bb4 7. O-O Bxc3 8. bxc3
Nbd7 9. cxd5 exd5 10. c4 O-O 11. a4 Re8 12. cxd5 cxd5 13. a5 a6 14. Qb3 b5 15.
Bd2 Bb7 16. Rac1 Re6 17. Rc2 Rc6 18. Rxc6 Bxc6 19. Rc1 Bb7 20. h3 Ne8 21. Bb4
Rc8 22. Rc2 Rxc2 23. Qxc2 Qc7 24. Qxc7 Nxc7 25. Bf5 Ne6 26. Nd2 Nb8 27. Nb3 Nc6
28. Bd2 g6 29. Bg4 Ncd8 30. f4 f5 31. Bf3 h5 32. h4 Kf8 33. Kf2 Ke8 34. Ke2 Kd7
35. Kd3 Nf7 36. Nc5+ Nxc5+ 37. dxc5 Nd8 38. Bc3 Ke6 39. Bd1 Nc6 40. g3 b4 41.
Bd2 Nxa5 42. Bxb4 Nc6 43. Bc3 a5 44. Ba4 Ba6+ 45. Kd2 Nb4 46. Be8 Nd3 47. c6
Nc5 48. Kc2 a4 49. Bxg6 a3 50. c7 Bd3+ 51. Kd1 Kd7 52. Be5 Nb3 53. Bf7 Be4 54.
Be6+ Kxe6 55. c8=Q+ Ke7 1-0

[Event "Niederbayrische Einzelmeisterschaft"]
[Site "Niederbayern"]
[Date "2010.06.06"]
[Round "7.16"]
[White "Schubert, Heinz"]
[Black "Reich, Christian"]
[Result "0-1"]
[WhiteElo "1505"]
[BlackElo "1564"]
[PlyCount "44"]
[EventDate "2010.06.??"]
[EventType "swiss"]
[EventRounds "7"]
[EventCountry "GER"]
[SourceDate "2015.11.02"]
[SourceVersionDate "2015.11.02"]
[WhiteTeam "TV 1862 Geiselhöring"]
[BlackTeam "SC Straubing"]

1. e4 c5 2. Nf3 Nc6 3. d4 cxd4 4. Nxd4 e5 5. Nxc6 bxc6 6. Bc4 Nf6 7. Bd3 h6 8.
Bd2 Bc5 9. h3 O-O 10. Qe2 Re8 11. Nc3 d5 12. f3 Nh5 13. O-O-O Ng3 14. Qe1 Nxh1
15. Qxh1 d4 16. Na4 Bd6 17. Bc4 Be6 18. Bxe6 Rxe6 19. Rf1 Qc7 20. g4 g5 21. Be1
Kg7 22. Qg2 Qb7 0-1

[Event "Niederbayrische Einzelmeisterschaft"]
[Site "Niederbayern"]
[Date "2010.06.06"]
[Round "7.17"]
[White "Westenthanner, Paul"]
[Black "Seidl, Josef"]
[Result "1/2-1/2"]
[WhiteElo "1549"]
[BlackElo "1315"]
[PlyCount "86"]
[EventDate "2010.06.??"]
[EventType "swiss"]
[EventRounds "7"]
[EventCountry "GER"]
[SourceDate "2015.11.02"]
[SourceVersionDate "2015.11.02"]
[WhiteTeam "SK Landshut"]
[BlackTeam "TSV Kreuzberg"]

1. d4 Nf6 2. Nf3 g6 3. Nbd2 Bg7 4. e4 d6 5. Bd3 O-O 6. Nf1 Nbd7 7. Ng3 c5 8. c3
b6 9. Bf4 Bb7 10. Qd2 Re8 11. Bh6 e5 12. d5 a5 13. h4 Ng4 14. Bxg7 Kxg7 15. Bb5
Rh8 16. O-O-O Bc8 17. Ng5 Nf8 18. f3 Nf6 19. Ne2 Ra7 20. g4 h5 21. gxh5 Nxh5
22. f4 Bg4 23. fxe5 Bxe2 24. Qxe2 Ng3 25. Qf2 Nxh1 26. Rxh1 Nh7 27. Nxh7 Rxh7
28. exd6 Qxd6 29. Rf1 Re7 30. Bd3 Rh6 31. Re1 Qe5 32. Re3 f5 33. Re2 f4 34. Bb5
g5 35. hxg5 Qxg5 36. Qf3 Kh8 37. Rf2 Rg7 38. Qxf4 Qxf4+ 39. Rxf4 Rg2 40. Rf1
Rhh2 41. a4 Rxb2 42. c4 Rbe2 43. d6 Rc2+ 1/2-1/2